How to write and speak better

Bibliographic Details
Other Authors: Kahn, John Elison (Editor)
Format: Book
Published: London : The Reader's Digest , 1991
Subjects:

MARC

LEADER 00000cam a2200000 7i4500
001 0000002063
002 000002254
005 20000330.0
020 |a 0276420306 
090 0 0 |a 808.042   |b HOW 
245 0 0 |a How to write and speak better   |c edited by John Ellison Knhn 
260 |a London :   |b The Reader's Digest ,   |c 1991 
300 |a 655p. ;   |c 24cm. 
650 0 0 |a Communication of technical information 
650 0 0 |a English language 
650 0 0 |a Technical writing 
700 1 |a Kahn, John Elison   |f DPhil ,   |e editor 
999 |a 00215531   |b BUKU   |c PINJAMAN   |e PERPUSTAKAAN KOMUNITI PETALING JAYA 
999 |a 028176   |b BUKU   |c PINJAMAN   |e PERPUSTAKAAN KOMUNITI PETALING JAYA 
999 |a 067215   |b BUKU   |c PINJAMAN   |e PERPUSTAKAAN KOMUNITI PETALING JAYA 
999 |a 067216   |b BUKU   |c PINJAMAN   |e PERPUSTAKAAN KOMUNITI PETALING JAYA